000 00562nam a2200181Ia 4500
003 GCL
008 140319s9999 xx 000 0 ara d
020 _a8191314977
040 _aGCL /
_cGCL
082 0 4 _a415.1
_bح ا
100 1 _aحسام البهنساوى
245 1 0 _aانظمة الربط فى العربية /
_cحسام البهنساوى
250 _aالاولى
260 _aالقاهرة :
_bمكتبة زهراء الشرق ،
_c2003
300 _a108 ص ؛
_c24 سم
650 0 4 _aاللغة العربية - النحو
942 _2ddc
_cBK
999 _c5310
_d5310